| 000 | 00817nam a2200229 a 4500 | ||
|---|---|---|---|
| 001 | 1060 | ||
| 003 | BD-RjUL | ||
| 005 | 20211208233253.0 | ||
| 008 | 161211r19621955us b 001 0 eng | ||
| 035 | _aBD-RjUL1082 | ||
| 040 |
_aDLC _cDLC _dm.c _dBD-RjUL _beng |
||
| 041 | 1 |
_aeng _hger |
|
| 082 |
_223 _a190 _bCAP 1962 |
||
| 100 | 1 |
_aCassirer, Ernst _d1874-1945. _93133 |
|
| 245 | 1 | 4 |
_aThe philosophy of The Enlightenment / _cby Ernst Cassirer ; translated by Fritz C.A. Koelln and James P. Pettegrove |
| 260 |
_aPrinceton : _bPrinceton University Press, _c1955 [Printing 1961-1962] |
||
| 300 |
_axiii, 366 p. ; _c25 cm |
||
| 500 | _aTranslation of Die Philosophie der Aufklärung. Tübingen : Mohr, 1932 | ||
| 504 | _aBibliographical footnotes. -- Includes index | ||
| 650 | 0 |
_aPhilosophy, Modern _92765 |
|
| 942 |
_2ddc _cBK |
||
| 999 |
_c1060 _d1060 |
||